[Event "Brasilia Centro Oeste op"]
[Site "Brasilia"]
[Date "2024.11.17"]
[Round "6"]
[White "Da Silva, Fabio Campos"]
[Black "Xavier, Matheus Henrique Lo"]
[Result "1-0"]
[WhiteElo "1896"]
[BlackElo "1791"]
[PlyCount "39"]
[EventDate "2024.11.15"]
[EventType "swiss"]
[EventRounds "6"]
[EventCountry "BRA"]
[SourceTitle "CB49_2024"]
[SourceDate "2024.12.04"]
[SourceVersion "1"]
[SourceVersionDate "2024.12.04"]
[SourceQuality "1"]

1. Nf3 d5 2. d4 Nf6 3. c4 c6 4. Nbd2 e6 5. g3 Nbd7 6. Bg2 Bd6 7. 0-0 0-0 8. Qc2 dxc4 9. Nxc4 Bc7 10. b4 Nd5 11. a3 b5 12. Ncd2 Bb7 13. Nb3 Rc8 14. e4 N5f6 15. e5 Nd5 16. Ng5 g6 17. Ne4 Bb6 18. Bh6 Qe7 19. Nd6 Ba8 20. Nc5 1-0

[Event "Brasilia City-ch"]
[Site "Brasilia"]
[Date "2023.12.08"]
[Round "9"]
[White "Xavier, Matheus Henrique Lo"]
[Black "De Souza, Paulo Goncalves"]
[Result "1-0"]
[WhiteElo "1742"]
[BlackElo "1718"]
[PlyCount "91"]
[EventDate "2023.11.24"]
[EventType "tourn"]
[EventRounds "11"]
[EventCountry "BRA"]
[SourceTitle "EXT 2025"]
[Source "ChessBase"]
[SourceDate "2024.10.14"]
[SourceVersion "1"]
[SourceVersionDate "2024.10.14"]
[SourceQuality "1"]

1. e4 c5 2. Nf3 Nc6 3. d4 cxd4 4. Nxd4 Nf6 5. Nxc6 bxc6 6. Bd3 e5 7. 0-0 Bc5 8. Nd2 0-0 9. Nc4 Re8 10. Bg5 h6 11. Bh4 Rb8 12. c3 d5 13. Nd2 Rxb2 14. Nb3 Ba3 15. exd5 cxd5 16. Bb5 Re6 17. c4 d4 18. Re1 Qc7 19. Bg3 a6 20. Nxd4 axb5 21. Nxe6 Bxe6 22. Bxe5 Qxc4 23. Rc1 Qd5 24. Bxb2 Qxd1 25. Rcxd1 Bxb2 26. Rb1 Bc3 27. Rxe6 fxe6 28. Rxb5 Nd5 29. a4 Bd4 30. a5 Nc7 31. Rb8+ Kh7 32. Rb7 Na6 33. Kf1 Kg6 34. Ke2 e5 35. f3 Kf6 36. Rd7 Nb8 37. Rd8 Ba7 38. Kd3 Ke7 39. Rg8 Kf7 40. Rc8 Kf6 41. Kc4 g6 42. Kb5 h5 43. Rc7 Bd4 44. Rb7 e4 45. Kc4 e3 46. Rxb8 1-0

[Event "Brasilia City-ch"]
[Site "Brasilia"]
[Date "2023.11.26"]
[Round "4"]
[White "Cunha, Lucas Aguiar"]
[Black "Xavier, Matheus Henrique Lo"]
[Result "1-0"]
[WhiteElo "2304"]
[BlackElo "1742"]
[PlyCount "51"]
[EventDate "2023.11.24"]
[EventType "tourn"]
[EventRounds "11"]
[EventCountry "BRA"]
[SourceTitle "EXT 2025"]
[Source "ChessBase"]
[SourceDate "2024.10.14"]
[SourceVersion "1"]
[SourceVersionDate "2024.10.14"]
[SourceQuality "1"]

1. e4 c5 2. Nf3 Nc6 3. Bb5 g6 4. Bxc6 bxc6 5. 0-0 Bg7 6. d3 e6 7. Nc3 Ne7 8. Be3 d6 9. Qd2 0-0 10. Bh6 e5 11. h3 f6 12. a3 a5 13. Rab1 Bxh6 14. Qxh6 g5 15. h4 g4 16. Nd2 f5 17. g3 f4 18. Nc4 Ng6 19. h5 Nh4 20. Qxd6 Qg5 21. gxh4 Qxh4 22. Ne2 Rf6 23. Qxe5 Be6 24. Nxf4 Bxc4 25. Ng2 Qh3 26. Qxf6 1-0

[Event "Goiania Barbosa Nunes Cup 1st"]
[Site "Goiania"]
[Date "2021.10.16"]
[Round "3"]
[White "Xavier, Matheus Henrique Lo"]
[Black "Araujo, Barbara Ribeiro"]
[Result "1-0"]
[WhiteElo "1789"]
[BlackElo "1497"]
[PlyCount "50"]
[EventDate "2021.10.15"]
[EventType "swiss"]
[EventRounds "6"]
[EventCountry "BRA"]
[SourceTitle "EXT 2023"]
[Source "ChessBase"]
[SourceDate "2022.10.05"]
[SourceVersion "1"]
[SourceVersionDate "2022.10.05"]
[SourceQuality "1"]

1. c4 e5 2. e4 d6 3. Nc3 Be6 4. d3 Nc6 5. g3 Qd7 6. Bg2 g6 7. Be3 Bg7 8. Nge2 Nf6 9. Qd2 Ng4 10. Nd5 Nxe3 11. fxe3 Bh3 12. Bxh3 Qxh3 13. Nxc7+ Kd7 14. Nxa8 Rxa8 15. 0-0-0 Bh6 16. Rhf1 Qe6 17. Kb1 Rc8 18. Nc3 Ne7 19. Nd5 f5 20. Qb4 b6 21. exf5 gxf5 22. Qa4+ Nc6 23. g4 f4 24. g5 Bxg5 25. Rg1 fxe3 1-0